000 00444nam a2200133Ia 4500
008 220620s9999||||xx |||||||||||||| ||und||
022 _a2364-4109 / 2364-4117
100 _aJames A. Hampton||Yoad Winter
245 0 _aCompositionality and Concepts in Linguistics and Psychology
546 _aEnglish[eng]
650 _alanguage||semantics||cognitive science
856 _uhttps://link.springer.com/book/10.1007/978-3-319-45977-6
942 _cEB
999 _c32572
_d32572